|
|
|
|
| LEADER |
00000nam a2200000 a 4500 |
| 001 |
vtls001393387 |
| 003 |
SK-MaSNL |
| 005 |
20260301201753.0 |
| 008 |
240315s2000 xo ap r yy slo |
| 015 |
|
|
|a SNBA2000/10-03420
|
| 020 |
|
|
|a 8089004199
|
| 035 |
|
|
|a SNK000347698
|
| 035 |
|
|
|a urn:nbn:sk:snk-amyelu
|
| 035 |
|
|
|a urn:nbn:sk:snk-am00ch93
|
| 035 |
|
|
|a E2EE5EC7-8815-40D1-9A5E-811D2ED2CCEA
|
| 040 |
|
|
|a SNK
|b slo
|c SNK
|e AACR2
|
| 041 |
0 |
|
|a slo
|
| 044 |
|
|
|a xo
|c SK
|
| 080 |
|
|
|a 744.44:684.4(075.3)
|2 1981
|
| 080 |
|
|
|a 684.4(075.3)
|2 1981
|
| 100 |
1 |
|
|a Gánovský, Andrej,
|d 1942-2021
|4 aut
|9 60507
|
| 245 |
1 |
|
|a Odborné kreslenie pre 3. ročník SOU
|c Andrej Gánovský
|
| 250 |
|
|
|a 2. vyd.
|
| 260 |
|
|
|a Bratislava
|b Alfa-press
|c 2000
|
| 300 |
|
|
|a 138 s.
|b sch., tab.
|c 30 cm
|
| 500 |
|
|
|a Celkove 4. vyd.
|
| 504 |
|
|
|a Bibliogr. s. 136
|
| 650 |
0 |
7 |
|a kreslenie odborné
|x nábytkárstvo
|x učebnice stred. odb. učilíšť (3. roč.)
|2 SNK
|9 582827
|
| 650 |
0 |
7 |
|a nábytkárstvo
|2 SNK
|9 20525
|
| 655 |
|
7 |
|a učebnice
|2 SNK
|9 22521
|
| 919 |
|
|
|a 80-89004-19-9
|
| 958 |
|
|
|a TL
|
| 958 |
|
|
|a UC
|
| 958 |
|
|
|a NB
|
| 999 |
|
|
|c 896213
|d 898143
|
| 952 |
|
|
|t P60, <03>, [BOOK], {603}
|a SNK
|b SNK
|y PREZ
|7 0
|p 17A0247081
|o snkSB 62100
|i snkKSP 7649/2000
|0 0
|1 0
|4 0
|d 2000-07-31
|f 1
|l 0
|r 2025-04-11 00:00:00
|w 2026-02-24
|
| 952 |
|
|
|t P60, <04>, [BOOK], {604}
|a SNK
|b SNK
|y VYP
|7 0
|p 17A0247082
|o snkSB 62100 D1
|i snkKSP 7650/2000
|0 0
|1 0
|4 0
|d 2000-07-31
|l 0
|r 2005-01-02 00:00:00
|w 2026-02-24
|